Slovensko-český slovník

Salvato in:
Dettagli Bibliografici
Autore principale: Gašparíková, Želmíra, 1901-1968
Natura: Libro
Lingua:lingua imprecisata
Pubblicazione: Praha Státní pedagogické nakladatelství 1986
Accesso online:Visualizza in OPAC
Tags: Aggiungi Tag
Nessun Tag, puoi essere il primo ad aggiungerne!!

MARC

LEADER 00000nam a2200000 a 4500
005 20260127134024.0
008 140530s1986 xx 0 und c
035 |a vtls001427665 
035 |a SNK000382642 
039 9 |a 201405301051  |b VLOAD  |c 201101181524  |d mbin01  |c 200809221230  |d mschk03  |c 200801111402  |d mbpksh03  |y 200412291710  |z VLOAD 
040 |a SNK  |b slo  |c SNK  |d STUSCHK1  |e AACR2 
100 1 |a Gašparíková, Želmíra,  |d 1901-1968  |9 605 
245 1 |a Slovensko-český slovník 
260 |a Praha  |b Státní pedagogické nakladatelství  |c 1986 
300 |a 815 s. 
500 |a V tiráži uvedený rok vydania 1987 
910 |a bpksh 
910 |a SCHK95 
910 |a bin 
999 |c 2263  |d 2263